[Event "Lidkoping Open 2019"]
[Site "Lidkoping"]
[Date "2019.08.24"]
[Round "4.2"]
[White "Ask, Josef"]
[Black "Andersson, Fredrik"]
[Result "1/2-1/2"]
[WhiteElo "2136"]
[BlackElo "2264"]
[Annotator "NA"]
[PlyCount "51"]
[EventDate "2019.08.19"]
[EventType "swiss"]
[EventCountry "SWE"]
[SourceTitle "playchess.com"]
[Source "ChessBase"]
[SourceQuality "1"]
[TimeControl "2700+10"]

1. e4 {[%emt 0:00:00]} c5 {[%emt 0:00:00]} 2. d3 {[%emt 0:00:02]} Nc6 {[%emt 0:00:04]} 3. g3 {[%emt 0:00:08]} g6 {[%emt 0:00:12]} 4. Bg2 {[%emt 0:00:05]} Bg7 {[%emt 0:00:04]} 5. Nf3 {[%emt 0:00:15]} e6 {[%emt 0:01:20]} 6. O-O {[%emt 0:00:17]} Nge7 {[%emt 0:00:28]} 7. Re1 {[%emt 0:00:16]} d6 {[%emt 0:00:11]} 8. c3 {[%emt 0:00:14]} O-O {[%emt 0:00:51]} 9. d4 {[%emt 0:00:32]} cxd4 {[%emt 0:00:12]} 10. cxd4 {[%emt 0:00:07]} d5 {[%emt 0:00:13]} 11. e5 {[%emt 0:00:08]} f6 {[%emt 0:00:44]} 12. Bf4 {[%emt 0:01:36]} fxe5 {[%emt 0:06:05]} 13. dxe5 {[%emt 0:00:55]} Qb6 {[%emt 0:00:12]} 14. Qd2 {[%emt 0:00:28]} Bd7 {[%emt 0:00:30]} 15. Nc3 {[%emt 0:00:22]} Rac8 {[%emt 0:01:42]} 16. Rad1 {[%emt 0:01:00]} a6 {[%emt 0:02:05]} 17. h4 {[%emt 0:01:06]} Na5 {[%emt 0:01:05]} 18. b3 {[%emt 0:01:02]} Qc5 {[%emt 0:03:46]} 19. Rc1 {[%emt 0:00:49]} Qb4 {[%emt 0:01:03]} 20. Red1 {[%emt 0:02:39]} Qb6 {[%emt 0:01:54]} 21. Bg5 {[%emt 0:36:29]} Rf7 {[%emt 0:25:49]} 22. Bxe7 Rxe7 23. Nxd5 {[%emt 0:00:20]} exd5 {[%emt 0:00:20]} 24. Qxd5+ {[%emt 0:00:10]} Kf8 {[%emt 0:00:10]} 25. Rxc8+ Bxc8 26. Ng5 {[%emt 0:00:20]} 1/2-1/2

[Event "Lidkoping Open 2019"]
[Site "Lidkoping"]
[Date "2019.08.24"]
[Round "4.3"]
[White "Blomqvist, Erik"]
[Black "Bergre, Joachim"]
[Result "1-0"]
[WhiteElo "2507"]
[BlackElo "1928"]
[Annotator "ChessBase"]
[PlyCount "49"]
[EventDate "2019.08.19"]
[EventType "swiss"]
[EventCountry "SWE"]
[SourceTitle "playchess.com"]
[Source "ChessBase"]
[SourceQuality "1"]
[TimeControl "2700+10"]

1. e4 {[%emt 0:00:00]} d5 {[%emt 0:00:00]} 2. exd5 {[%emt 0:00:00]} Qxd5 {[%emt 0:00:05]} 3. Nc3 {[%emt 0:00:06]} Qd6 {[%emt 0:00:09]} 4. d4 {[%emt 0:00:31]} Nf6 {[%emt 0:00:16]} 5. Nf3 {[%emt 0:00:14]} c6 {[%emt 0:00:41]} 6. h3 {[%emt 0:03:04]} Bf5 {[%emt 0:01:19]} 7. g3 {[%emt 0:00:11]} e6 {[%emt 0:01:54]} 8. Bg2 {[%emt 0:00:05]} h6 {[%emt 0:01:03]} 9. O-O {[%emt 0:00:26]} Be7 {[%emt 0:02:21]} 10. Qe2 {[%emt 0:01:34]} O-O {[%emt 0:01:17]} 11. Rd1 {[%emt 0:00:26]} Qc7 {[%emt 0:03:01]} 12. Ne5 {[%emt 0:07:40]} Nbd7 {[%emt 0:02:44]} 13. f4 {[%emt 0:06:29]} Nd5 {[%emt 0:06:09]} 14. Ne4 {[%emt 0:00:39]} N7f6 {[%emt 0:00:49]} 15. Nf2 {[%emt 0:00:29]} Nd7 {[%emt 0:06:38]} 16. c4 {[%emt 0:00:44]} N5b6 {[%emt 0:01:17]} 17. Nf3 {[%emt 0:00:36]} Rae8 {[%emt 0:01:10]} 18. b3 {[%emt 0:02:06]} Bh7 {[%emt 0:01:47]} 19. a4 {[%emt 0:01:36]} c5 {[%emt 0:00:58]} 20. a5 {[%emt 0:01:07]} Nc8 {[%emt 0:00:15]} 21. Bb2 {[%emt 0:02:29]} Nd6 {[%emt 0:02:53]} 22. g4 {[%emt 0:00:54]} cxd4 {[%emt 0:01:38]} 23. Bxd4 {[%emt 0:00:28]} Bf6 {[%emt 0:00:42]} 24. Ne5 {[%emt 0:00:34]} Nc5 {[%emt 0:01:42]} 25. Qe3 {[%emt 0:00:16]} 1-0

[Event "Lidkoping Open 2019"]
[Site "Lidkoping"]
[Date "2019.08.24"]
[Round "4.4"]
[White "Winsnes, Rikard"]
[Black "Mattsson, Michael"]
[Result "0-1"]
[WhiteElo "2375"]
[BlackElo "2011"]
[Annotator "NA"]
[PlyCount "64"]
[EventDate "2019.08.19"]
[EventType "swiss"]
[EventCountry "SWE"]
[SourceTitle "playchess.com"]
[Source "ChessBase"]
[SourceQuality "1"]
[TimeControl "2700+10"]

1. g3 {[%emt 0:00:15]} e5 {[%emt 0:00:11]} 2. c4 {[%emt 0:00:08]} d5 {[%emt 0:00:04]} 3. cxd5 {[%emt 0:01:04]} Qxd5 {[%emt 0:00:02]} 4. Nf3 {[%emt 0:00:37]} Bb4 {[%emt 0:00:03]} 5. Nc3 {[%emt 0:08:46]} Bxc3 {[%emt 0:00:25]} 6. dxc3 {[%emt 0:00:07]} Qxd1+ {[%emt 0:04:01]} 7. Kxd1 {[%emt 0:00:03]} Nc6 {[%emt 0:01:49]} 8. Bg2 {[%emt 0:01:25]} Bf5 {[%emt 0:01:04]} 9. Nd2 {[%emt 0:05:16]} Nge7 {[%emt 0:02:31]} 10. Ke1 {[%emt 0:03:15]} O-O-O {[%emt 0:01:15]} 11. Ne4 {[%emt 0:01:20]} f6 {[%emt 0:03:23]} 12. Bd2 {[%emt 0:02:00]} Rd5 {[%emt 0:03:05]} 13. Be3 {[%emt 0:04:25]} Rhd8 {[%emt 0:02:34]} 14. b4 {[%emt 0:00:42]} b6 {[%emt 0:02:18]} 15. a4 {[%emt 0:04:14]} a6 {[%emt 0:01:12]} 16. f4 {[%emt 0:06:50]} R5d7 {[%emt 0:18:08]} 17. Kf2 {[%emt 0:02:43]} Nd5 {[%emt 0:01:58]} 18. Bd2 {[%emt 0:01:49]} a5 {[%emt 0:00:22]} 19. b5 {[%emt 0:00:02]} Nce7 {[%emt 0:00:44]} 20. c4 {[%emt 0:00:17]} Bxe4 {[%emt 0:00:46]} 21. Bxe4 {[%emt 0:00:05]} Nxf4 {[%emt 0:00:10]} 22. Bxf4 {[%emt 0:00:03]} exf4 {[%emt 0:00:02]} 23. gxf4 {[%emt 0:00:01]} Rd4 {[%emt 0:00:30]} 24. Bd3 {[%emt 0:00:01]} Rxf4+ {[%emt 0:00:01]} 25. Kg3 {[%emt 0:00:03]} Rfd4 {[%emt 0:00:18]} 26. Rhc1 {[%emt 0:00:03]} g6 {[%emt 0:00:18]} 27. c5 {[%emt 0:00:01]} Kb7 {[%emt 0:00:29]} 28. Rc2 {[%emt 0:00:07]} bxc5 {[%emt 0:00:41]} 29. Rxc5 {[%emt 0:00:01]} R8d5 {[%emt 0:00:01]} 30. Rc3 {[%emt 0:00:05]} Rg5+ {[%emt 0:00:05]} 31. Kf3 {[%emt 0:00:05]} Nd5 {[%emt 0:00:06]} 32. Rc2 {[%emt 0:00:26]} Rf4# {[%emt 0:00:04]} 0-1

[Event "Lidkoping Open 2019"]
[Site "Lidkoping"]
[Date "2019.08.24"]
[Round "4.5"]
[White "Madebrink, Lars"]
[Black "Johnson, Daniel"]
[Result "1-0"]
[WhiteElo "2147"]
[BlackElo "2201"]
[Annotator "NA"]
[PlyCount "139"]
[EventDate "2019.08.19"]
[EventType "swiss"]
[EventCountry "SWE"]
[SourceTitle "playchess.com"]
[Source "ChessBase"]
[SourceQuality "1"]
[TimeControl "2700+10"]

1. d4 {[%emt 0:00:00]} d5 {[%emt 0:01:10]} 2. Nf3 {[%emt 0:00:00]} Nf6 {[%emt 0:00:07]} 3. c4 {[%emt 0:00:00]} e6 {[%emt 0:00:08]} 4. Nc3 {[%emt 0:00:09]} Be7 {[%emt 0:00:06]} 5. Bf4 {[%emt 0:00:40]} O-O {[%emt 0:00:11]} 6. e3 {[%emt 0:00:06]} b6 {[%emt 0:00:57]} 7. h3 {[%emt 0:02:10]} Bb7 {[%emt 0:00:53]} 8. Bd3 {[%emt 0:00:29]} Nbd7 {[%emt 0:04:04]} 9. O-O {[%emt 0:00:41]} dxc4 {[%emt 0:03:10]} 10. Bxc4 {[%emt 0:00:04]} a6 {[%emt 0:00:02]} 11. Qe2 {[%emt 0:04:06]} b5 {[%emt 0:00:56]} 12. Bd3 {[%emt 0:00:31]} c5 {[%emt 0:00:42]} 13. Rfd1 {[%emt 0:02:23]} Qb6 {[%emt 0:07:18]} 14. a3 {[%emt 0:06:36]} Rac8 {[%emt 0:04:33]} 15. Ne5 {[%emt 0:06:04]} Rfd8 {[%emt 0:10:04]} 16. Bg5 {[%emt 0:04:49]} cxd4 {[%emt 0:06:55]} 17. exd4 {[%emt 0:00:05]} Nf8 {[%emt 0:02:05]} 18. Ng4 {[%emt 0:05:57]} Qd6 {[%emt 0:02:54]} 19. Bxf6 {[%emt 0:02:55]} Bxf6 {[%emt 0:00:07]} 20. Be4 {[%emt 0:01:11]} Qe7 {[%emt 0:01:33]} 21. Bxb7 {[%emt 0:00:54]} Qxb7 {[%emt 0:00:02]} 22. Nxf6+ {[%emt 0:00:11]} gxf6 {[%emt 0:00:02]} 23. Ne4 {[%emt 0:00:09]} Kg7 {[%emt 0:00:24]} 24. Qf3 {[%emt 0:00:22]} f5 {[%emt 0:00:16]} 25. Qg3+ {[%emt 0:00:11]} Ng6 {[%emt 0:00:02]} 26. Nd6 {[%emt 0:00:03]} Qd5 {[%emt 0:00:26]} 27. Nxc8 {[%emt 0:00:07]} Rxc8 {[%emt 0:00:01]} 28. Qe3 {[%emt 0:01:49]} Rg8 {[%emt 0:00:09]} 29. Rd3 {[%emt 0:01:20]} Kh8 {[%emt 0:00:04]} 30. Re1 {[%emt 0:00:28]} Rg7 {[%emt 0:00:17]} 31. g3 {[%emt 0:00:06]} Nh4 {[%emt 0:00:13]} 32. Kf1 {[%emt 0:00:25]} Ng2 {[%emt 0:00:03]} 33. Qe5 {[%emt 0:00:24]} Nxe1 {[%emt 0:00:24]} 34. Qxd5 {[%emt 0:00:02]} exd5 {[%emt 0:00:02]} 35. Kxe1 {[%emt 0:00:01]} f6 {[%emt 0:00:18]} 36. Kd2 {[%emt 0:00:08]} Rd7 {[%emt 0:00:07]} 37. Rf3 {[%emt 0:00:05]} Kg7 {[%emt 0:00:10]} 38. Rxf5 {[%emt 0:00:03]} Kf7 {[%emt 0:00:11]} 39. Rf3 {[%emt 0:00:12]} Rc7 {[%emt 0:00:12]} 40. Rc3 {[%emt 0:00:08]} Ra7 {[%emt 0:00:11]} 41. Rc6 {[%emt 0:00:08]} Ke7 {[%emt 0:00:02]} 42. Ke3 {[%emt 0:00:03]} a5 {[%emt 0:00:08]} 43. Kf4 {[%emt 0:00:21]} b4 {[%emt 0:00:14]} 44. a4 {[%emt 0:00:00]} b3 {[%emt 0:00:16]} 45. Rb6 {[%emt 0:00:06]} Rc7 {[%emt 0:00:03]} 46. Rxb3 {[%emt 0:00:06]} Rc4 {[%emt 0:00:01]} 47. Rb7+ {[%emt 0:00:10]} Ke6 {[%emt 0:00:04]} 48. Ke3 {[%emt 0:00:37]} Rxa4 {[%emt 0:00:04]} 49. Rxh7 {[%emt 0:00:13]} Rb4 {[%emt 0:00:13]} 50. Ra7 {[%emt 0:00:05]} a4 {[%emt 0:00:32]} 51. h4 {[%emt 0:00:07]} Kf5 {[%emt 0:00:05]} 52. Kf3 {[%emt 0:00:53]} Rxd4 {[%emt 0:00:09]} 53. Rb7 {[%emt 0:00:06]} Rd3+ {[%emt 0:00:10]} 54. Ke2 {[%emt 0:00:04]} Rd4 {[%emt 0:00:14]} 55. f3 {[%emt 0:00:09]} Rc4 {[%emt 0:00:07]} 56. Ke3 {[%emt 0:00:11]} Rc2 {[%emt 0:00:17]} 57. g4+ {[%emt 0:00:09]} Kg6 {[%emt 0:00:10]} 58. f4 {[%emt 0:00:10]} Rg2 {[%emt 0:00:09]} 59. h5+ {[%emt 0:00:25]} Kh6 {[%emt 0:00:02]} 60. Kf3 {[%emt 0:00:03]} Rh2 {[%emt 0:00:17]} 61. Kg3 {[%emt 0:00:10]} Re2 {[%emt 0:00:11]} 62. Rf7 {[%emt 0:00:07]} Rxb2 {[%emt 0:00:11]} 63. Rxf6+ {[%emt 0:00:04]} Kg7 {[%emt 0:00:02]} 64. g5 {[%emt 0:00:02]} a3 {[%emt 0:00:08]} 65. Ra6 {[%emt 0:00:04]} a2 {[%emt 0:00:15]} 66. Kg4 {[%emt 0:00:05]} d4 {[%emt 0:00:09]} 67. h6+ {[%emt 0:00:05]} Kh7 {[%emt 0:00:04]} 68. Ra7+ {[%emt 0:00:01]} Kg8 {[%emt 0:00:03]} 69. g6 {[%emt 0:00:03]} d3 {[%emt 0:00:16]} 70. Ra8+ {[%emt 0:00:04]} 1-0

[Event "Lidkoping Open 2019"]
[Site "Lidkoping"]
[Date "2019.08.24"]
[Round "4.6"]
[White "Blomstrom, Lars"]
[Black "Friberg, Hans"]
[Result "1/2-1/2"]
[WhiteElo "2132"]
[BlackElo "2129"]
[Annotator "NA"]
[PlyCount "55"]
[EventDate "2019.08.19"]
[EventType "swiss"]
[EventCountry "SWE"]
[SourceTitle "playchess.com"]
[Source "ChessBase"]
[SourceQuality "1"]
[TimeControl "2700+10"]

1. e4 {[%emt 0:00:11]} e6 {[%emt 0:00:00]} 2. d4 {[%emt 0:00:14]} d5 {[%emt 0:00:06]} 3. Nc3 {[%emt 0:00:05]} Nf6 {[%emt 0:00:47]} 4. e5 {[%emt 0:00:06]} Nfd7 {[%emt 0:00:05]} 5. f4 {[%emt 0:00:08]} c5 {[%emt 0:00:06]} 6. Nf3 {[%emt 0:00:02]} Nc6 {[%emt 0:00:21]} 7. Be3 {[%emt 0:00:04]} cxd4 {[%emt 0:00:18]} 8. Nxd4 {[%emt 0:00:04]} Bc5 {[%emt 0:00:12]} 9. Qd2 {[%emt 0:03:05]} O-O {[%emt 0:01:34]} 10. O-O-O {[%emt 0:03:35]} Nxd4 {[%emt 0:03:27]} 11. Bxd4 {[%emt 0:00:03]} f6 {[%emt 0:02:03]} 12. Bxc5 {[%emt 0:03:06]} Nxc5 {[%emt 0:00:05]} 13. exf6 {[%emt 0:00:11]} Qxf6 {[%emt 0:00:26]} 14. g3 {[%emt 0:00:10]} b6 {[%emt 0:02:04]} 15. Bg2 {[%emt 0:06:46]} Bb7 {[%emt 0:02:21]} 16. Rhe1 {[%emt 0:00:57]} Rfd8 {[%emt 0:02:59]} 17. Qd4 {[%emt 0:04:46]} Kf7 {[%emt 0:11:29]} 18. Qxf6+ {[%emt 0:05:03]} Kxf6 {[%emt 0:00:41]} 19. Bh3 {[%emt 0:04:00]} Re8 {[%emt 0:03:31]} 20. Nb5 {[%emt 0:01:25]} Re7 {[%emt 0:00:32]} 21. Nd4 {[%emt 0:01:18]} Ne4 {[%emt 0:01:33]} 22. Bg2 {[%emt 0:00:06]} g6 {[%emt 0:07:34]} 23. Bxe4 {[%emt 0:04:59]} dxe4 {[%emt 0:00:02]} 24. Nb5 {[%emt 0:00:24]} e5 {[%emt 0:00:57]} 25. Nd6 {[%emt 0:03:01]} exf4 {[%emt 0:00:57]} 26. Nxb7 {[%emt 0:00:08]} Rxb7 {[%emt 0:00:08]} 27. Rxe4 {[%emt 0:00:17]} fxg3 {[%emt 0:00:09]} 28. hxg3 {[%emt 0:05:26]} 1/2-1/2

[Event "Lidkoping Open 2019"]
[Site "Lidkoping"]
[Date "2019.08.24"]
[Round "4.7"]
[White "Arvidsson, Jonas"]
[Black "Bellon Lopez, Juan Manuel"]
[Result "0-1"]
[WhiteElo "1993"]
[BlackElo "2335"]
[Annotator "NA"]
[PlyCount "44"]
[EventDate "2019.08.19"]
[EventType "swiss"]
[EventCountry "SWE"]
[SourceTitle "playchess.com"]
[Source "ChessBase"]
[SourceQuality "1"]
[TimeControl "2700+10"]

1. e4 {[%emt 0:00:00]} c5 {[%emt 0:00:00]} 2. Nf3 {[%emt 0:00:00]} e6 {[%emt 0:00:00]} 3. Nc3 {[%emt 0:00:13]} a6 {[%emt 0:00:00]} 4. d4 {[%emt 0:00:14]} cxd4 {[%emt 0:00:00]} 5. Nxd4 {[%emt 0:00:01]} Qc7 {[%emt 0:00:00]} 6. Be3 {[%emt 0:00:43]} Bb4 {[%emt 0:00:02]} 7. Qd2 {[%emt 0:01:10]} Nf6 {[%emt 0:00:06]} 8. Bd3 {[%emt 0:00:55]} d5 {[%emt 0:00:13]} 9. f3 {[%emt 0:02:08]} e5 {[%emt 0:00:32]} 10. O-O-O {[%emt 0:01:17]} exd4 {[%emt 0:00:31]} 11. Bxd4 {[%emt 0:00:14]} dxe4 {[%emt 0:00:54]} 12. Rhe1 {[%emt 0:00:46]} Be6 {[%emt 0:00:29]} 13. Bxe4 {[%emt 0:01:35]} Nc6 {[%emt 0:05:35]} 14. Qg5 {[%emt 0:03:49]} Nxd4 {[%emt 0:01:16]} 15. Qxg7 {[%emt 0:00:36]} Qf4+ {[%emt 0:07:11]} 16. Kb1 {[%emt 0:02:03]} Rg8 {[%emt 0:04:12]} 17. g3 {[%emt 0:00:56]} Rxg7 {[%emt 0:00:06]} 18. gxf4 {[%emt 0:00:02]} Bxc3 {[%emt 0:00:05]} 19. bxc3 {[%emt 0:00:02]} Nb5 {[%emt 0:00:21]} 20. Kb2 {[%emt 0:01:09]} Nxe4 {[%emt 0:00:39]} 21. Rxe4 {[%emt 0:00:02]} Rd8 {[%emt 0:00:36]} 22. Rde1 {[%emt 0:00:02]} Nd6 {[%emt 0:00:14]} 0-1

[Event "Lidkoping Open 2019"]
[Site "Lidkoping"]
[Date "2019.08.24"]
[Round "4.8"]
[White "Nygren, Kim"]
[Black "Staunsbjerg, Valdemar A"]
[Result "1-0"]
[WhiteElo "2171"]
[BlackElo "1832"]
[Annotator "NA"]
[PlyCount "69"]
[EventDate "2019.08.19"]
[EventType "swiss"]
[EventCountry "SWE"]
[SourceTitle "playchess.com"]
[Source "ChessBase"]
[SourceQuality "1"]
[TimeControl "2700+10"]

1. e4 {[%emt 0:01:04]} c5 {[%emt 0:00:11]} 2. Nf3 {[%emt 0:00:46]} Nc6 {[%emt 0:00:01]} 3. d4 {[%emt 0:00:02]} cxd4 {[%emt 0:00:02]} 4. Nxd4 {[%emt 0:00:01]} g6 {[%emt 0:00:01]} 5. c4 {[%emt 0:01:15]} Bg7 {[%emt 0:00:04]} 6. Nc2 {[%emt 0:00:21]} Nf6 {[%emt 0:00:39]} 7. Nc3 {[%emt 0:00:01]} O-O {[%emt 0:00:16]} 8. Be2 {[%emt 0:00:05]} a5 {[%emt 0:00:28]} 9. O-O {[%emt 0:01:02]} a4 {[%emt 0:01:31]} 10. Be3 {[%emt 0:00:25]} d6 {[%emt 0:00:48]} 11. f4 {[%emt 0:00:20]} Qa5 {[%emt 0:01:32]} 12. Bf3 {[%emt 0:04:19]} Bd7 {[%emt 0:07:41]} 13. Kh1 {[%emt 0:02:11]} Nb4 {[%emt 0:04:53]} 14. Nxb4 {[%emt 0:02:35]} Qxb4 {[%emt 0:00:02]} 15. e5 {[%emt 0:00:09]} Ne8 {[%emt 0:02:48]} 16. Nd5 {[%emt 0:00:18]} Qxb2 {[%emt 0:03:04]} 17. Bd4 {[%emt 0:04:52]} Qa3 {[%emt 0:00:24]} 18. Nxe7+ {[%emt 0:00:17]} Kh8 {[%emt 0:00:01]} 19. Bxb7 {[%emt 0:00:38]} Rb8 {[%emt 0:00:32]} 20. Rf3 {[%emt 0:07:13]} Bg4 {[%emt 0:02:41]} 21. Rxa3 {[%emt 0:00:48]} Bxd1 {[%emt 0:00:03]} 22. Be4 {[%emt 0:00:41]} Bg4 {[%emt 0:03:12]} 23. Rxa4 {[%emt 0:00:13]} dxe5 {[%emt 0:00:43]} 24. Bxe5 {[%emt 0:00:21]} Bxe5 {[%emt 0:00:51]} 25. fxe5 {[%emt 0:00:28]} Nc7 {[%emt 0:00:39]} 26. Ra7 {[%emt 0:00:05]} Ne6 {[%emt 0:00:14]} 27. Bd5 {[%emt 0:00:22]} Rb2 {[%emt 0:01:21]} 28. h3 {[%emt 0:01:36]} Be2 {[%emt 0:00:03]} 29. a4 {[%emt 0:00:53]} Rc2 {[%emt 0:00:44]} 30. a5 {[%emt 0:00:22]} Bxc4 {[%emt 0:01:15]} 31. a6 {[%emt 0:00:14]} Bxd5 {[%emt 0:02:00]} 32. Nxd5 {[%emt 0:00:08]} Rd8 {[%emt 0:00:18]} 33. Rxf7 {[%emt 0:00:59]} Ng5 {[%emt 0:02:45]} 34. Rc7 {[%emt 0:00:15]} Rxc7 {[%emt 0:01:48]} 35. Nxc7 {[%emt 0:00:02]} 1-0

[Event "Lidkoping Open 2019"]
[Site "Lidkoping"]
[Date "2019.08.24"]
[Round "4.9"]
[White "Beslagic, Smail"]
[Black "Ronneland, Daniel"]
[Result "1/2-1/2"]
[WhiteElo "1853"]
[BlackElo "2137"]
[Annotator "NA"]
[PlyCount "59"]
[EventDate "2019.08.19"]
[EventType "swiss"]
[EventCountry "SWE"]
[SourceTitle "playchess.com"]
[Source "ChessBase"]
[SourceQuality "1"]
[TimeControl "2700+10"]

1. d4 {[%emt 0:00:00]} Nf6 {[%emt 0:00:00]} 2. Bf4 {[%emt 0:00:10]} d6 {[%emt 0:00:23]} 3. Nf3 {[%emt 0:00:18]} Nbd7 {[%emt 0:01:50]} 4. e3 {[%emt 0:00:22]} g6 {[%emt 0:00:21]} 5. Nbd2 {[%emt 0:00:39]} Bg7 {[%emt 0:00:19]} 6. Be2 {[%emt 0:01:23]} O-O {[%emt 0:01:08]} 7. h3 {[%emt 0:00:36]} c5 {[%emt 0:00:30]} 8. c3 {[%emt 0:01:01]} b6 {[%emt 0:00:43]} 9. O-O {[%emt 0:00:53]} Bb7 {[%emt 0:00:09]} 10. Re1 {[%emt 0:01:28]} Re8 {[%emt 0:03:19]} 11. Bb5 {[%emt 0:03:18]} a6 {[%emt 0:01:02]} 12. Bxd7 {[%emt 0:00:06]} Nxd7 {[%emt 0:02:24]} 13. a4 {[%emt 0:03:59]} b5 {[%emt 0:02:49]} 14. axb5 {[%emt 0:01:16]} axb5 {[%emt 0:00:09]} 15. Qb3 {[%emt 0:01:28]} Qb6 {[%emt 0:01:56]} 16. Red1 {[%emt 0:05:51]} e5 {[%emt 0:02:13]} 17. dxe5 {[%emt 0:00:12]} dxe5 {[%emt 0:00:38]} 18. Bg3 {[%emt 0:00:19]} c4 {[%emt 0:00:25]} 19. Qc2 {[%emt 0:00:15]} Rxa1 {[%emt 0:05:48]} 20. Rxa1 {[%emt 0:00:05]} Nc5 {[%emt 0:00:04]} 21. Ne1 {[%emt 0:02:06]} Qc6 {[%emt 0:02:11]} 22. f3 {[%emt 0:02:45]} Bh6 {[%emt 0:00:36]} 23. Bf2 {[%emt 0:00:31]} e4 {[%emt 0:00:53]} 24. b4 {[%emt 0:03:09]} cxb3 {[%emt 0:05:24]} 25. Nxb3 {[%emt 0:00:47]} Nxb3 {[%emt 0:01:08]} 26. Qxb3 {[%emt 0:00:02]} exf3 {[%emt 0:00:40]} 27. Nxf3 {[%emt 0:00:26]} Bxe3 {[%emt 0:00:16]} 28. Rf1 {[%emt 0:03:46]} Qc5 {[%emt 0:02:25]} 29. Bxe3 {[%emt 0:03:30]} Rxe3 {[%emt 0:05:32]} 30. Nd4 {[%emt 0:00:56]} 1/2-1/2

[Event "Lidkoping Open 2019"]
[Site "Lidkoping"]
[Date "2019.08.24"]
[Round "4.10"]
[White "Nordlund, Jim"]
[Black "Muntean, Victor"]
[Result "1-0"]
[WhiteElo "2130"]
[BlackElo "2002"]
[Annotator "NA"]
[PlyCount "69"]
[EventDate "2019.08.19"]
[EventType "swiss"]
[EventCountry "SWE"]
[SourceTitle "playchess.com"]
[Source "ChessBase"]
[SourceQuality "1"]
[TimeControl "2700+10"]

1. e4 {[%emt 0:00:00]} e5 {[%emt 0:00:00]} 2. Nf3 {[%emt 0:00:02]} Nc6 {[%emt 0:00:00]} 3. Nc3 {[%emt 0:00:10]} Nf6 {[%emt 0:00:05]} 4. d4 {[%emt 0:00:09]} exd4 {[%emt 0:00:06]} 5. Nxd4 {[%emt 0:00:06]} Nxe4 {[%emt 0:00:06]} 6. Nxe4 {[%emt 0:00:20]} Qe7 {[%emt 0:00:07]} 7. f3 {[%emt 0:00:55]} d5 {[%emt 0:00:04]} 8. Bb5 {[%emt 0:00:11]} Bd7 {[%emt 0:00:05]} 9. Bxc6 {[%emt 0:01:50]} bxc6 {[%emt 0:00:07]} 10. O-O {[%emt 0:00:10]} dxe4 {[%emt 0:00:04]} 11. Re1 {[%emt 0:01:08]} O-O-O {[%emt 0:01:43]} 12. Rxe4 {[%emt 0:00:48]} Qb4 {[%emt 0:01:07]} 13. Nb3 {[%emt 0:00:32]} Bf5 {[%emt 0:00:48]} 14. Qxd8+ {[%emt 0:00:53]} Kxd8 {[%emt 0:00:02]} 15. Rxb4 {[%emt 0:40:16]} Bxb4 {[%emt 0:00:01]} 16. c3 {[%emt 0:00:00]} Bd6 {[%emt 0:00:54]} 17. Be3 {[%emt 0:00:00]} Re8 {[%emt 0:01:18]} 18. Re1 {[%emt 0:00:00]} Be6 {[%emt 0:04:05]} 19. g3 {[%emt 0:00:00]} Bd5 {[%emt 0:03:07]} 20. Kf2 {[%emt 0:00:00]} a6 {[%emt 0:01:17]} 21. Bg5+ {[%emt 0:00:00]} f6 {[%emt 0:00:11]} 22. Rxe8+ {[%emt 0:00:00]} Kxe8 {[%emt 0:00:04]} 23. Be3 {[%emt 0:00:00]} Bxb3 {[%emt 0:01:20]} 24. axb3 {[%emt 0:00:00]} f5 {[%emt 0:00:08]} 25. Bd4 {[%emt 0:00:00]} g6 {[%emt 0:00:07]} 26. c4 {[%emt 0:00:00]} Ke7 {[%emt 0:00:56]} 27. c5 {[%emt 0:00:00]} Ke6 {[%emt 0:01:11]} 28. cxd6 {[%emt 0:00:00]} cxd6 {[%emt 0:00:01]} 29. Ke3 {[%emt 0:00:00]} c5 {[%emt 0:00:47]} 30. Bc3 {[%emt 0:00:00]} d5 {[%emt 0:00:40]} 31. Kd3 {[%emt 0:00:00]} d4 {[%emt 0:07:04]} 32. Be1 {[%emt 0:00:00]} Kd5 {[%emt 0:00:08]} 33. Bd2 {[%emt 0:00:00]} h5 {[%emt 0:01:11]} 34. h4 {[%emt 0:00:00]} Kd6 {[%emt 0:00:44]} 35. b4 {[%emt 0:00:00]} 1-0

[Event "Lidkoping Open 2019"]
[Site "Lidkoping"]
[Date "2019.08.24"]
[Round "4.11"]
[White "Lind, Jan-Olov"]
[Black "Olofsson, Hans-Erik"]
[Result "1-0"]
[WhiteElo "2164"]
[BlackElo "1898"]
[Annotator "NA"]
[PlyCount "27"]
[EventDate "2019.08.19"]
[EventType "swiss"]
[EventCountry "SWE"]
[SourceTitle "playchess.com"]
[Source "ChessBase"]
[SourceQuality "1"]
[TimeControl "2700+10"]

1. e4 {[%emt 0:00:00]} d6 {[%emt 0:00:00]} 2. d4 {[%emt 0:00:02]} Nf6 {[%emt 0:00:00]} 3. Nc3 {[%emt 0:00:12]} c6 {[%emt 0:00:16]} 4. Nf3 {[%emt 0:02:30]} Bg4 {[%emt 0:00:13]} 5. Be2 {[%emt 0:00:42]} Nbd7 {[%emt 0:00:36]} 6. O-O {[%emt 0:00:31]} b5 {[%emt 0:00:25]} 7. e5 {[%emt 0:02:04]} Ng8 {[%emt 0:01:44]} 8. Ng5 {[%emt 0:02:50]} Bf5 {[%emt 0:04:14]} 9. exd6 {[%emt 0:04:53]} exd6 {[%emt 0:02:46]} 10. d5 {[%emt 0:01:23]} b4 {[%emt 0:01:25]} 11. dxc6 {[%emt 0:00:49]} bxc3 {[%emt 0:01:45]} 12. cxd7+ {[%emt 0:00:05]} Bxd7 {[%emt 0:03:31]} 13. Qd5 {[%emt 0:02:38]} Nh6 {[%emt 0:01:27]} 14. Bc4 {[%emt 0:01:46]} 1-0